| 000 | 01046nam a2200277 i 4500 | ||
|---|---|---|---|
| 001 | 67132 | ||
| 003 | ES-MaACL | ||
| 005 | 20250806062531.0 | ||
| 007 | t| | ||
| 008 | 900328s1988 sp ||||0| spa d ..| | ||
| 015 | _a1990-MAR-5337 | ||
| 016 | 7 | _zSAB9000076571 | |
| 020 | _a84-7812-015-7 | ||
| 040 |
_aM-BN-DP _bspa _cM-BN-DP |
||
| 080 | _a392.81(464.1 M.)"17"(042) | ||
| 100 | 1 |
_aPalacio Atard, Vicente, _d1920-2013 _988374 |
|
| 245 | 1 | 3 |
_aLa alimentación madrileña en tiempo de Carlos III / _cpor Vicente Palacio Atard. |
| 260 |
_aMadrid : _bAyuntamiento de Madrid, Area de Cultura, Educación, Juventud y Deportes : _bInstituto de Estudios Madrileños, _c1988. |
||
| 300 |
_a21 p ; _c22 cm. |
||
| 490 | 1 |
_aCiclo de conferencias: El Madrid de Carlos III ; _v8 |
|
| 650 | 1 | 4 |
_aAlimentación- _zMadrid- _yS.XVIII. _99727 |
| 710 | 2 |
_aInstituto de Estudios Madrileños _94916 |
|
| 830 | 0 | 0 |
_aCiclo de conferencias: El Madrid de Carlos III _v8 _9180033 |
| 852 |
_aES-MaACL _j2172-F-10 _bR.117268 |
||
| 999 |
_c67132 _d67132 |
||